| 000 | 00325nam a2200121Ia 4500 | ||
|---|---|---|---|
| 005 | 20260328104308.0 | ||
| 008 | 260328s9999||||xx |||||||||||||| ||und|| | ||
| 100 | _aVidiella, Alex | ||
| 245 | 0 |
_aArquitectura EfĂmera : _b 100 Proyectos, 1000 Ideas / _cAlex Vidiella |
|
| 260 | _bPromopress | ||
| 650 | _aMAQUETAS | ||
| 942 | _cBK | ||
| 999 |
_c10845 _d10845 |
||